000 01177nam a22003255i 4500
001 10742
003 ES-MaACL
005 20230906145941.0
007 t|
008 941128s1993 sp ||||0| spa j
020 _a84-86040-77-9
040 _aM-BN
_bspa
_cM-BN
080 _a75 Maside, Carlos
080 _a929 Maside, Carlos
100 1 _aRodríguez Losada, María Esther.
_998624
245 1 0 _aCarlos Maside /
_cMª Esther Rodríguez Losada ; [traduccións, María de la O Fernández Estévez, José Manuel Pichel Lorenzo, Xan Vila].
260 _aA Coruña :
_bDeputación Provincial,
_c[1993]
300 _aXVI, 276 p :
_bil. col. y n ;
_c30 cm.
490 1 _aGrandes pintores ;
_v2
500 _aIndice.
500 _aResumen en español, inglés, francés y alemán.
504 _aBibliografía: p. 255-256.
600 1 4 _aMaside, Carlos.
_978719
700 1 _aMaside, Carlos.
_978719
710 1 _aLa Coruña (Provincia).
_bDiputación Provincial.
_95455
830 0 _aGrandes pintores ;
_v2
_9228138
852 _aES-MaACL
_jL-18060
_bR.122876
_q. - Ded. autógr. de la autora
999 _c10742
_d10742